| 000 | 00460nam a22001817a 4500 | ||
|---|---|---|---|
| 003 | LK-CoDNM | ||
| 005 | 20250103151033.0 | ||
| 008 | 250103b |||||||| |||| 00| 0 eng d | ||
| 040 |
_aLK-CoDNM _dLK-CoDNM _eLK-CoDNM |
||
| 041 | _aeng | ||
| 080 |
_a4 _bD8 |
||
| 100 | _aF. G. Aflalo, | ||
| 245 | _aThe Sea-Fishing Industry Of England And Wales | ||
| 260 |
_aLondon _c1904 _bEdward Stanford |
||
| 300 | _a386p. : 21 cm | ||
| 650 | _aScience | ||
| 942 | _cBK | ||
| 999 |
_c234868 _d234868 |
||